00362nam a2200109 a 4500008004100000050002200041110001500063245010500078260004000183300002000223350000900243090505s1981 ||||||||||||||||| || u aGOV.ZAM(02)1981/2 aWorld Bank10aZambia: staff appraisal report, Eastern province agricultural development projectcBy the World Bank aWashington, D. C.bWorld Bankc1981 aiii, 81p. :ill. a0.00